000
00288nam a2200121Ia 4500
008
190216s9999||||xx |||||||||||||| ||und||
100
_a
Edapally Karunakara Menon
245
0
_a
Idiyett
260
_b
National Book Stall
_c
1978
300
_a
564p
650
_a
Malayalam Novel
942
_c
BK
999
_c
25359
_d
25359